Инжиниринг металлургического оборудования Учебное пособие
Представлены сведения о процессе предоставления технических услуг связанных с разработкой и обеспечением нормального хода этапов проектирования производства реализации и пуска в производственный процесс инновационной продукции машиностроительного профиля предназначенной для предприятий металлургичес...
Đã lưu trong:
| Tác giả chính: | |
|---|---|
| Định dạng: | Учебное пособие |
| Truy cập trực tuyến: | https://znanium.ru/catalog/document?id=452192 https://znanium.ru/cover/2170/2170550.jpg |
| Các nhãn: |
Thêm thẻ
Không có thẻ, Là người đầu tiên thẻ bản ghi này!
|
| LEADER | 02924nam0a2200289 i 4500 | ||
|---|---|---|---|
| 001 | RU\infra-m\znanium\bibl\2170550 | ||
| 003 | https://znanium.ru/catalog/document?id=452192 | ||
| 005 | 20240822000000.0 | ||
| 010 | |a 978-5-9729-1581-1 | ||
| 100 | |a 20240822d2024 m y0rusy0150 ca | ||
| 101 | 0 | |a rus | |
| 102 | |a RU | ||
| 200 | 1 | |a Инжиниринг металлургического оборудования |e Учебное пособие |f Донецкий национальный технический университет,(Доннту) | |
| 210 | 1 | |a Вологда |c Инфра-Инженерия |d 2024 | |
| 215 | |a 200 с. | ||
| 330 | |a Представлены сведения о процессе предоставления технических услуг связанных с разработкой и обеспечением нормального хода этапов проектирования производства реализации и пуска в производственный процесс инновационной продукции машиностроительного профиля предназначенной для предприятий металлургического комплекса. Рассмотрены правила подготовки технико-экономического обоснования необходимости создания и пуска в эксплуатацию металлургических машин и агрегатов. Для обучающихся по направлению подготовки 15.04.02 «Технологические машины и оборудование» (профиль «Инжиниринг и технический менеджмент металлургического оборудования») квалификационного уровня «магистр» преподавателей образовательных организаций высшего профессионального образования. | ||
| 333 | |a ВО - Магистратура | ||
| 606 | |a Промышленность. Энергетика |x Металлургия. Литейное производство |2 local | ||
| 608 | |a Учебное пособие |2 local | ||
| 675 | |a 669 |z rus | ||
| 686 | |a 306 |2 rubbk | ||
| 686 | |a 343 |2 rubbk | ||
| 686 | |a 15.04.02 |2 okso | ||
| 700 | 1 | |a Ткачев |b М.Ю. |g Михаил Юрьевич |p Донецкий национальный технический университет,(Доннту) | |
| 801 | 0 | |a RU |b Общество с ограниченной ответственностью «ЗНАНИУМ» |c 20240821 |2 rusmarc | |
| 856 | 4 | |a znanium.ru |m ebs_support@infra-m.ru |n НИЦ ИНФРА-М |u https://znanium.ru/catalog/document?id=452192 | |
| 856 | 4 | 1 | |a znanium.ru |d /cover/2170 |f 2170550.jpg |q image/jpeg |u https://znanium.ru/cover/2170/2170550.jpg |